| 000 | 00533nam a2200205Ia 4500 | ||
|---|---|---|---|
| 003 | OSt | ||
| 005 | 20251211113705.0 | ||
| 008 | 210707s1983 xx 000 0 und d | ||
| 040 | _cAL | ||
| 041 | _aKannada | ||
| 082 | _aK894.3 SHRS | ||
| 100 |
_aSHRINIVASA _d ಶ್ರೀನಿವಾಸ _9248830 |
||
| 245 |
_aSubbanna. _b ಸುಬ್ಬಣ್ಣ |
||
| 260 |
_aBengaluru _bVishva Kannada Sammelana _c1983 |
||
| 300 | _a84,iv p | ||
| 365 |
_b2 _cINR |
||
| 563 | _aPB | ||
| 650 |
_aKannada Fiction _9248831 |
||
| 942 |
_2ddc _cBK |
||
| 999 |
_c180160 _d180160 |
||